Pokok² hukum perkawinan Islam (Record no. 65670)

MARC details
000 -LEADER
fixed length control field 00698cam a22002411 4500
001 - CONTROL NUMBER
control field sa 65008272
003 - CONTROL NUMBER IDENTIFIER
control field DLC
005 - DATE AND TIME OF LATEST TRANSACTION
control field 20260227112155.0
008 - FIXED-LENGTH DATA ELEMENTS--GENERAL INFORMATION
fixed length control field 891129s1963 io 000 0 ind
010 ## - LIBRARY OF CONGRESS CONTROL NUMBER
LC control number sa 65008272
025 ## - OVERSEAS ACQUISITION NUMBER
Overseas acquisition number PL480:Indo-2016
035 ## - SYSTEM CONTROL NUMBER
System control number (OCoLC)20710864
040 ## - CATALOGING SOURCE
Original cataloging agency DLC
Transcribing agency OCoLC
Modifying agency DLC
042 ## - AUTHENTICATION CODE
Authentication code premarc
050 00 - LIBRARY OF CONGRESS CALL NUMBER
Classification number LAW <Indonesia 7 Lubi 1963>
100 1# - MAIN ENTRY--PERSONAL NAME
Personal name Lubis, Mohd Arief,
Dates associated with a name 1918-
245 10 - TITLE STATEMENT
Title Pokok² hukum perkawinan Islam
Statement of responsibility, etc. [oleh] H.M. Arief Lubis c.s.
250 ## - EDITION STATEMENT
Edition statement [Tjet. 2]
260 ## - PUBLICATION, DISTRIBUTION, ETC.
Place of publication, distribution, etc. Djakarta,
Name of publisher, distributor, etc. A. Salim
Date of publication, distribution, etc. [cover 1963]
300 ## - PHYSICAL DESCRIPTION
Extent 52 p.
Dimensions 17 cm.
500 ## - GENERAL NOTE
General note Indonesian or Arabic.
650 #0 - SUBJECT ADDED ENTRY--TOPICAL TERM
Topical term or geographic name entry element Marriage (Islamic law)
General subdivision Outlines, syllabi, etc.

No items available.

Powered by Koha